| 000 | 00477nam a2200169Ia 4500 | ||
|---|---|---|---|
| 008 | 241115s9999 xx 000 0 und d | ||
| 020 | _a978-0-07-068188-0 | ||
| 082 | _a511 ROS | ||
| 100 | _aRosen, Kenneth H. | ||
| 245 | 0 | _aDiscrete mathematics and its applications: with Combinatorics and graph theory | |
| 250 | _a7th | ||
| 260 |
_aNew York: _bMcGraw Hill, _c2015. |
||
| 300 | _a843p. | ||
| 600 | _aHumanities & Natural Science | ||
| 650 | _aMathematics | ||
| 942 | _cBBD | ||
| 999 |
_c27043 _d27043 |
||